100 Wepperów wszechczasów - Statystyki

Ogólne statystyki
  • Ten quiz został rozwiązany 61 razy
  • Średni wynik to 11 z 100
Statystyki odpowiedzi
Odpowiedź % Poprawnych
Xifarf
80%
Kartenio
74%
Alba
62%
Polish ball
52%
Natiball
46%
Cybernetic
42%
Alexoball
38%
Delfinowski
34%
Cenzura ball
28%
Gryz3Q
28%
Quidi
28%
Xetoy
26%
British Austro Hungarian
22%
Ksawul
22%
Vex
22%
DennmarkPL
20%
Dynamiczny ball
20%
Hyperiux
20%
Countryballs polska
18%
Jancik
18%
Żaba ball
18%
MTBALL
16%
Dekt
14%
Empire of Bananas
14%
Fan Ranii
14%
Ukosball
14%
Destru
12%
FinlandiaBall
12%
Mateusz Freuda
12%
Mr Muzg
12%
Polska SRR
12%
Snow emperor
12%
KaMMiL sg
10%
Kebabożerca
10%
Łańcuchowian
10%
Milkyway
10%
Miły gaming
10%
Typek Animation
10%
ŻabaR edits
10%
Adisball
8%
Darthlike
8%
Gracja
8%
Koksbalt
8%
Matiballeusz
8%
Zilla ball
8%
2Random guys
6%
Altern
6%
Dziki michu
6%
Falanga
6%
Feterx
6%
Maroko ball
6%
MrKornelBall
6%
Xarf
6%
X gamer
6%
Jasilek
4%
Kanappkowy
4%
Kubix
4%
Natanowy
4%
Polish Animator
4%
Tomkoland
4%
ZSRC
4%
Bobert
2%
Dzbanekball
2%
Koperek
2%
Królestwo michańskie
2%
Nato ball
2%
Nikodem z Polski
2%
Podlancjum
2%
Polandcountrybal3
2%
Polska Piłka
2%
Progro Bananek
2%
Telefony sigma
2%
Vertix
2%
Wafeliusz
2%
Wepper2137
2%
Whatball
2%
Adriakkic
0%
Cattball
0%
Charabowski
0%
Czechy ball
0%
Decemb
0%
Hejterball
0%
Kapusteq
0%
Ksawis
0%
Kubix Countryballs Airlines
0%
Macedon Ball
0%
MapingTV
0%
Megalodon
0%
OczO ball
0%
OG ball
0%
OverXYZ
0%
Polonia Ball
0%
Polxeks
0%
Pomidor K
0%
Poprostu ball
0%
Rockman ball
0%
Tamix
0%
The hog mapper
0%
Wielki Kapitalista
0%
Żuber Mapping
0%
Nie znaleziono quizów pasujących do podanych kryteriów
Rozkład punktacji
Procent ludzi z każdym wynikiem
Percentyl według liczby udzielonych odpowiedzi
Twoja historia wyników
Nie rozwiązałeś tego quizu